| 000 | 00396nam a2200133Ia 4500 | ||
|---|---|---|---|
| 008 | 220216s9999 xx 000 0 und d | ||
| 100 | _aGorton A D T | ||
| 245 | 0 | _aPrevulcanised natural rubber latex for dipping | |
| 260 | _bProceedings of the International Rubber Conference, Malaysia 1988; p85-103 | ||
| 650 | _aAgeing | ||
| 650 | _aDipping | ||
| 650 | _aPrevulcanised NR latex | ||
| 942 | _cJS | ||
| 999 |
_c65678 _d65678 |
||